Word Ladder: America's Pastime Quiz Stats

Quiz Updated May 1, 2015

Challenge
Share
Tweet
Embed
Score 0/20 Timer 02:00
1 Play Today
Hint 4-Letter Word % Correct
Home for a rabbit, rat or groundhogHOLE
89.1%
When one does not succeedFAIL
88%
What the batter hitsBALL
87.8%
A silly or unwise personFOOL
86.8%
Summer hangoutPOOL
86.1%
A way to test political leaningsPOLL
84.8%
Aluminum's form in the kitchenFOIL
84.7%
What every kid hopes to catchFOUL
83.2%
Fenway's is named for PeskyPOLE
81.1%
Optimist's feelingHOPE
80.2%
Hint 4-Letter Word % Correct
Often made of nylon or hempROPE
76.7%
The hit that lands on the chalk lineFAIR
76.2%
The spiritual essence of beingSOUL
76%
What the runner stands onBASE
75.9%
What the field is made ofSOIL
75.1%
BucketPAIL
74.9%
Not one, but twoPAIR
72.8%
All time hits leaderROSE
68.3%
Maker of the wave radioBOSE
66.4%
To lose strength or effectivenessPALL
66.2%

Today's Daily Dose

You're not logged in!

Compare scores with friends on all Sporcle quizzes.
Sign Up with Email
OR
Log In

You Might Also Like...

Show Comments

Extras

Top Quizzes Today


Score Distribution

Your Account Isn't Verified!

In order to create a playlist on Sporcle, you need to verify the email address you used during registration. Go to your Sporcle Settings to finish the process.